Kingdom - Downstait (Lyrics) - Statistics

General Stats
  • This quiz has been taken 31 times
  • The average score is 267 of 373
Answer Stats
Lyrics % Correct
I
100%
in
100%
a
95%
my
95%
My
95%
soul
95%
to
95%
Adrenaline
91%
Do
91%
do
91%
it
91%
all
86%
control
86%
Every
86%
king
86%
kingdom
86%
of
86%
out
86%
Out
86%
the
86%
You
86%
you
86%
for
82%
Hear
82%
here,
82%
Here
82%
is
82%
Crowd
77%
crowd,
77%
feet
77%
I'm
77%
show
77%
was
77%
"When
77%
away,
73%
away
73%
blow
73%
get
73%
go
73%
lights
73%
Lights
73%
me
73%
said
73%
start
73%
take
73%
their
73%
them
73%
younger
73%
about
68%
can
68%
Can't
68%
father
68%
fight
68%
freedom
68%
give
68%
home
68%
men"
68%
(men)
68%
on
68%
ready
68%
Ready
68%
took
68%
Waitin'
68%
better
64%
(Better)
64%
but
64%
came
64%
change
64%
game,
64%
Hard
64%
not
64%
off
64%
times
64%
am
59%
breed
59%
curtain,
59%
name
59%
Now
59%
now
59%
up
59%
(whoa)
59%
end
55%
follow
55%
see
55%
what
55%
bow
50%
Bow,
50%
built
50%
dreams
50%
pain
50%
they
50%
And
45%
and
45%
made
45%
toes
45%
You'll
45%
banner
41%
down,
41%
down
41%
'em
41%
Gonna
41%
tell
41%
until
41%
crown
36%
roof
36%
rule
36%
Tear
36%
this
36%
town
36%
throne
32%
tried
32%
you're
32%
as
27%
over
23%
saw
23%
watch
23%
door
18%
kicked
18%
right
18%
stepped
18%
stop
18%
never
14%
through
14%
No matching quizzes found
Score Distribution
Percent of People with Each Score
Percentile by Number Answered
Your Score History
You have not taken this quiz